[Event "European Women's Championship"]
[Site "Vysoke Tatry"]
[Date "2018.04.11"]
[Round "4"]
[White "Vidic, Teja"]
[Black "Fataliyeva, Ulviyya"]
[Result "0-1"]
[Board "49"]
[WhiteElo "2176"]
[WhiteTitle "WFM"]
[WhiteCountry "SLO"]
[WhiteFideId "14605511"]
[WhiteEloChange "-5"]
[BlackElo "2361"]
[BlackTitle "WGM"]
[BlackCountry "AZE"]
[BlackFideId "13403052"]
[BlackEloChange "5"]

1. e4 {[%clk 1:30:59]} e6 {[%clk 1:30:58]} 2. d4 {[%clk 1:31:18]} d5 {[%clk
1:31:26]} 3. Nd2 {[%clk 1:31:42]} a6 {[%clk 1:31:55]} 4. Ngf3 {[%clk 1:31:56]} c5
{[%clk 1:32:23]} 5. exd5 {[%clk 1:31:24]} exd5 {[%clk 1:32:52]} 6. Be2 {[%clk
1:31:46]} Nf6 {[%clk 1:32:59]} 7. O-O {[%clk 1:31:56]} Be7 {[%clk 1:32:31]} 8.
dxc5 {[%clk 1:30:17]} Bxc5 {[%clk 1:32:53]} 9. Nb3 {[%clk 1:30:43]} Bb6 {[%clk
1:33:14]} 10. Bg5 {[%clk 1:28:22]} O-O {[%clk 1:32:42]} 11. Nfd4 {[%clk 1:24:09]}
Nc6 {[%clk 1:32:31]} 12. c3 {[%clk 1:19:09]} h6 {[%clk 1:32:05]} 13. Bh4 {[%clk
1:19:16]} Re8 {[%clk 1:30:14]} 14. Bf3 {[%clk 1:14:31]} g5 {[%clk 1:29:41]} 15.
Bg3 {[%clk 1:11:15]} Ne5 {[%clk 1:25:13]} 16. Re1 {[%clk 1:08:30]} Bc7 {[%clk
1:22:57]} 17. h4 {[%clk 0:58:17]} g4 {[%clk 1:13:47]} 18. Be2 {[%clk 0:58:23]}
Ne4 {[%clk 1:10:25]} 19. Bd3 {[%clk 0:52:55]} f5 {[%clk 1:06:31]} 20. Ne2 {[%clk
0:45:14]} Be6 {[%clk 0:41:51]} 21. Nbd4 {[%clk 0:45:01]} Bd7 {[%clk 0:40:50]} 22.
Rc1 {[%clk 0:31:42]} Kh7 {[%clk 0:37:34]} 23. Bc2 {[%clk 0:25:53]} Nc4 {[%clk
0:25:41]} 24. Bxe4 {[%clk 0:25:53]} fxe4 {[%clk 0:25:26]} 25. Qc2 {[%clk
0:23:59]} Rf8 {[%clk 0:19:22]} 26. b3 {[%clk 0:21:12]} Ne5 {[%clk 0:13:43]} 27.
c4 {[%clk 0:18:57]} Nd3 {[%clk 0:13:40]} 28. cxd5 {[%clk 0:19:23]} Bxg3 {[%clk
0:13:58]} 29. Nxg3 {[%clk 0:12:38]} Rxf2 {[%clk 0:13:51]} 30. Re2 {[%clk
0:11:59]} Rc8 {[%clk 0:13:32]} 31. Nc6 {[%clk 0:10:29]} bxc6 {[%clk 0:08:04]} 32.
Nxe4 {[%clk 0:05:56]} cxd5 {[%clk 0:03:50]} 33. Qxd3 {[%clk 0:03:40]} Rxc1+
{[%clk 0:04:12]} 34. Kxf2 {[%clk 0:03:55]} dxe4 {[%clk 0:03:24]} 35. Qxe4+ {[%clk
0:04:21]} Kh8 {[%clk 0:03:43]} 36. Qd4+ {[%clk 0:01:26]} Kg8 {[%clk 0:04:08]} 37.
Qd5+ {[%clk 0:00:49]} Kg7 {[%clk 0:04:21]} 38. Rd2 {[%clk 0:00:33]} Qf6+ {[%clk
0:04:16]} 39. Ke3 {[%clk 0:00:39]} Re1+ {[%clk 0:03:54]} 40. Kd3 {[%clk 0:30:53]}
Bf5+ {[%clk 0:34:01]} 41. Kc4 {[%clk 0:31:19]} Be6 {[%clk 0:34:05]} 0-1

[Event "European Women's Championship"]
[Site "Vysoke Tatry"]
[Date "2018.04.11"]
[Round "4"]
[White "Balajayeva, Khanim"]
[Black "Chernyak, Viktoria"]
[Result "0-1"]
[Board "50"]
[WhiteElo "2348"]
[WhiteTitle "WFM"]
[WhiteCountry "AZE"]
[WhiteFideId "13406396"]
[WhiteEloChange "-14"]
[BlackElo "2196"]
[BlackTitle "WFM"]
[BlackCountry "RUS"]
[BlackFideId "24165956"]
[BlackEloChange "14"]

1. e4 {[%clk 1:30:58]} e6 {[%clk 1:30:46]} 2. d4 {[%clk 1:31:21]} d5 {[%clk
1:30:59]} 3. Nc3 {[%clk 1:31:47]} Bb4 {[%clk 1:31:23]} 4. e5 {[%clk 1:32:13]} Ne7
{[%clk 1:31:49]} 5. a3 {[%clk 1:32:23]} Bxc3+ {[%clk 1:32:12]} 6. bxc3 {[%clk
1:32:50]} b6 {[%clk 1:31:43]} 7. Qg4 {[%clk 1:24:05]} Ng6 {[%clk 1:28:12]} 8. h4
{[%clk 1:22:33]} h5 {[%clk 1:28:22]} 9. Qg3 {[%clk 1:22:49]} Ba6 {[%clk 1:25:47]}
10. Bxa6 {[%clk 1:15:38]} Nxa6 {[%clk 1:26:15]} 11. Ne2 {[%clk 1:10:24]} Qd7
{[%clk 1:22:47]} 12. Qd3 {[%clk 1:02:19]} Qa4 {[%clk 1:11:53]} 13. Bg5 {[%clk
0:56:03]} Nb8 {[%clk 1:08:46]} 14. O-O {[%clk 0:55:06]} Nc6 {[%clk 1:07:59]} 15.
Ng3 {[%clk 0:38:33]} Nge7 {[%clk 1:05:04]} 16. Qe2 {[%clk 0:36:44]} g6 {[%clk
0:54:56]} 17. Rfd1 {[%clk 0:26:10]} O-O-O {[%clk 0:45:53]} 18. Nf1 {[%clk
0:26:31]} Rd7 {[%clk 0:41:55]} 19. Ne3 {[%clk 0:26:35]} Kb8 {[%clk 0:40:40]} 20.
Re1 {[%clk 0:18:20]} Na5 {[%clk 0:38:50]} 21. f3 {[%clk 0:14:23]} Qc6 {[%clk
0:35:04]} 22. Qd3 {[%clk 0:12:59]} Nf5 {[%clk 0:30:40]} 23. Bf6 {[%clk 0:08:04]}
Rg8 {[%clk 0:18:38]} 24. g4 {[%clk 0:07:43]} Ng7 {[%clk 0:17:23]} 25. Kf2 {[%clk
0:04:59]} Ne8 {[%clk 0:17:03]} 26. gxh5 {[%clk 0:04:18]} Nxf6 {[%clk 0:15:39]}
27. exf6 {[%clk 0:04:45]} gxh5 {[%clk 0:16:07]} 28. Rg1 {[%clk 0:03:54]} Rh8
{[%clk 0:15:41]} 29. Rg5 {[%clk 0:04:03]} Qd6 {[%clk 0:15:36]} 30. Ng2 {[%clk
0:00:58]} Nc4 {[%clk 0:15:31]} 31. a4 {[%clk 0:01:13]} Rh6 {[%clk 0:13:25]} 32.
f4 {[%clk 0:01:05]} Rd8 {[%clk 0:12:58]} 33. Qe2 {[%clk 0:00:38]} Rdh8 {[%clk
0:13:15]} 34. Rg1 {[%clk 0:00:44]} Kb7 {[%clk 0:12:48]} 35. Ke1 {[%clk 0:00:56]}
Qa3 {[%clk 0:11:27]} 36. Qd3 {[%clk 0:01:12]} Rxf6 {[%clk 0:11:34]} 37. Ke2
{[%clk 0:01:24]} Qxa4 {[%clk 0:11:18]} 38. Rf1 {[%clk 0:01:32]} Nb2 {[%clk
0:10:46]} 39. Qd2 {[%clk 0:01:51]} a5 {[%clk 0:09:57]} 40. Kf2 {[%clk 0:31:05]}
Nc4 {[%clk 0:39:11]} 41. Qd3 {[%clk 0:30:16]} Nd6 {[%clk 0:38:57]} 42. Kg1 {[%clk
0:30:30]} Ne4 {[%clk 0:38:36]} 43. Rg7 {[%clk 0:30:54]} Qe8 {[%clk 0:38:41]} 44.
c4 {[%clk 0:29:56]} Qf8 {[%clk 0:38:48]} 45. cxd5 {[%clk 0:29:53]} exd5 {[%clk
0:38:58]} 46. Qb3 {[%clk 0:30:05]} Rd6 {[%clk 0:38:48]} 47. Rg5 {[%clk 0:28:41]}
Nxg5 {[%clk 0:39:10]} 48. fxg5 {[%clk 0:29:08]} Qg7 {[%clk 0:39:35]} 49. c3
{[%clk 0:29:34]} Qg6 {[%clk 0:38:14]} 50. Ne3 {[%clk 0:26:39]} Qe4 {[%clk
0:38:13]} 51. Nf5 {[%clk 0:27:07]} Rd7 {[%clk 0:37:32]} 0-1

[Event "European Women's Championship"]
[Site "Vysoke Tatry"]
[Date "2018.04.11"]
[Round "4"]
[White "Warakomska, Anna"]
[Black "Richterova, Natasa"]
[Result "1-0"]
[Board "51"]
[WhiteElo "2306"]
[WhiteTitle "WIM"]
[WhiteCountry "POL"]
[WhiteFideId "1130790"]
[WhiteEloChange "7"]
[BlackElo "2181"]
[BlackTitle "WIM"]
[BlackCountry "CZE"]
[BlackFideId "350591"]
[BlackEloChange "-7"]

1. d4 {[%clk 1:30:54]} d5 {[%clk 1:30:48]} 2. Bf4 {[%clk 1:31:19]} Nf6 {[%clk
1:30:39]} 3. e3 {[%clk 1:31:29]} Bf5 {[%clk 1:24:09]} 4. c4 {[%clk 1:25:39]} c6
{[%clk 1:23:04]} 5. Nc3 {[%clk 1:18:53]} e6 {[%clk 1:22:05]} 6. Qb3 {[%clk
1:18:58]} Qb6 {[%clk 1:14:03]} 7. c5 {[%clk 1:18:34]} Qxb3 {[%clk 1:14:27]} 8.
axb3 {[%clk 1:19:01]} Nbd7 {[%clk 1:14:04]} 9. b4 {[%clk 1:18:35]} Nh5 {[%clk
1:13:26]} 10. b5 {[%clk 1:06:19]} e5 {[%clk 1:06:56]} 11. Bxe5 {[%clk 1:03:41]}
Nxe5 {[%clk 1:06:49]} 12. dxe5 {[%clk 1:00:20]} g5 {[%clk 0:54:29]} 13. Be2
{[%clk 0:54:54]} Ng7 {[%clk 0:53:25]} 14. b4 {[%clk 0:53:48]} Be7 {[%clk
0:51:47]} 15. Nf3 {[%clk 0:50:38]} Ne6 {[%clk 0:49:55]} 16. O-O {[%clk 0:46:56]}
f6 {[%clk 0:47:31]} 17. bxc6 {[%clk 0:42:50]} bxc6 {[%clk 0:46:16]} 18. Ra6
{[%clk 0:40:04]} fxe5 {[%clk 0:35:18]} 19. Nxe5 {[%clk 0:30:30]} d4 {[%clk
0:30:08]} 20. exd4 {[%clk 0:21:49]} Nxd4 {[%clk 0:29:58]} 21. Bh5+ {[%clk
0:20:32]} Kf8 {[%clk 0:29:34]} 22. Rd1 {[%clk 0:17:52]} Bf6 {[%clk 0:28:28]} 23.
Nf7 {[%clk 0:17:45]} Rg8 {[%clk 0:27:38]} 24. Nd5 {[%clk 0:13:53]} cxd5 {[%clk
0:17:11]} 25. Rxf6 {[%clk 0:14:17]} Kg7 {[%clk 0:15:52]} 26. Ra6 {[%clk 0:13:21]}
Nc2 {[%clk 0:07:01]} 27. Nd6 {[%clk 0:13:33]} Rgf8 {[%clk 0:02:51]} 28. b5 {[%clk
0:10:39]} Nb4 {[%clk 0:02:00]} 29. Nxf5+ {[%clk 0:10:43]} Rxf5 {[%clk 0:02:30]}
30. Ra4 {[%clk 0:10:55]} a5 {[%clk 0:01:25]} 31. bxa6 {[%clk 0:10:54]} Nc6 {[%clk
0:01:11]} 32. Bf3 {[%clk 0:10:51]} Re5 {[%clk 0:00:55]} 33. g3 {[%clk 0:10:22]}
Ra7 {[%clk 0:00:47]} 34. Rxd5 {[%clk 0:10:09]} Re1+ {[%clk 0:00:59]} 35. Kg2
{[%clk 0:10:34]} Ne5 {[%clk 0:00:54]} 36. Be4 {[%clk 0:07:04]} Kf6 {[%clk
0:00:55]} 37. Rd6+ {[%clk 0:07:26]} Kg7 {[%clk 0:00:47]} 38. Bb7 {[%clk 0:06:18]}
Rc1 {[%clk 0:00:46]} 39. Rd5 {[%clk 0:06:10]} Kf6 {[%clk 0:01:03]} 40. Re4 {[%clk
0:35:43]} Nc4 {[%clk 0:31:12]} 41. c6 {[%clk 0:35:31]} Nb6 {[%clk 0:26:23]} 42.
Rd6+ {[%clk 0:31:34]} Kf5 {[%clk 0:24:09]} 43. Re8 {[%clk 0:31:48]} Nc4 {[%clk
0:21:54]} 44. Rd5+ {[%clk 0:31:55]} Kf6 {[%clk 0:22:05]} 45. c7 {[%clk 0:32:07]}
1-0

[Event "European Women's Championship"]
[Site "Vysoke Tatry"]
[Date "2018.04.11"]
[Round "4"]
[White "Pavlidou, Ekaterini"]
[Black "Eric, Jovana"]
[Result "0-1"]
[Board "52"]
[WhiteElo "2164"]
[WhiteTitle "WIM"]
[WhiteCountry "GRE"]
[WhiteFideId "4213262"]
[WhiteEloChange "-6"]
[BlackElo "2300"]
[BlackTitle "WIM"]
[BlackCountry "SRB"]
[BlackFideId "938238"]
[BlackEloChange "6"]

1. d4 {[%clk 1:30:40]} f5 {[%clk 1:30:47]} 2. c4 {[%clk 1:30:49]} Nf6 {[%clk
1:30:54]} 3. Nc3 {[%clk 1:30:47]} d6 {[%clk 1:30:47]} 4. g3 {[%clk 1:21:51]} g6
{[%clk 1:29:49]} 5. Bg2 {[%clk 1:17:50]} Bg7 {[%clk 1:28:22]} 6. Nh3 {[%clk
1:14:33]} O-O {[%clk 1:25:42]} 7. Nf4 {[%clk 1:13:01]} Nc6 {[%clk 1:20:26]} 8. d5
{[%clk 1:05:00]} Ne5 {[%clk 1:20:11]} 9. Qb3 {[%clk 1:03:19]} c5 {[%clk 1:11:54]}
10. O-O {[%clk 0:57:27]} a6 {[%clk 1:09:10]} 11. a4 {[%clk 0:57:28]} Qa5 {[%clk
1:07:28]} 12. Nd3 {[%clk 0:48:45]} Rb8 {[%clk 0:52:58]} 13. Bd2 {[%clk 0:46:28]}
Bd7 {[%clk 0:45:06]} 14. Rfd1 {[%clk 0:41:57]} Qc7 {[%clk 0:40:31]} 15. h3 {[%clk
0:39:31]} Ne4 {[%clk 0:35:02]} 16. Nxe4 {[%clk 0:35:51]} fxe4 {[%clk 0:35:28]}
17. Nf4 {[%clk 0:35:09]} Qc8 {[%clk 0:33:08]} 18. Qc2 {[%clk 0:30:53]} b5 {[%clk
0:29:59]} 19. cxb5 {[%clk 0:30:18]} axb5 {[%clk 0:30:24]} 20. a5 {[%clk 0:29:49]}
Nc4 {[%clk 0:27:26]} 21. Bc3 {[%clk 0:28:20]} e3 {[%clk 0:16:47]} 22. Bxg7 {[%clk
0:26:34]} exf2+ {[%clk 0:16:47]} 23. Kxf2 {[%clk 0:25:24]} Kxg7 {[%clk 0:17:36]}
24. Kg1 {[%clk 0:25:08]} Kg8 {[%clk 0:17:49]} 25. Qc3 {[%clk 0:19:47]} Ne5 {[%clk
0:17:45]} 26. Ne6 {[%clk 0:18:12]} b4 {[%clk 0:16:57]} 27. Qe3 {[%clk 0:17:34]}
Bxe6 {[%clk 0:15:21]} 28. dxe6 {[%clk 0:18:02]} Qa6 {[%clk 0:15:06]} 29. Bd5
{[%clk 0:15:50]} c4 {[%clk 0:15:01]} 30. Rd4 {[%clk 0:14:33]} Rb5 {[%clk
0:11:58]} 31. Rh4 {[%clk 0:11:48]} h5 {[%clk 0:11:43]} 32. Bxc4 {[%clk 0:08:16]}
Nxc4 {[%clk 0:11:59]} 33. Rxc4 {[%clk 0:08:35]} Rxa5 {[%clk 0:11:30]} 34. Rxa5
{[%clk 0:05:54]} Qxa5 {[%clk 0:09:16]} 35. Qh6 {[%clk 0:05:43]} Qa7+ {[%clk
0:08:28]} 0-1

[Event "European Women's Championship"]
[Site "Vysoke Tatry"]
[Date "2018.04.11"]
[Round "4"]
[White "Sedina, Elena"]
[Black "Berke, Ana"]
[Result "1-0"]
[Board "54"]
[WhiteElo "2292"]
[WhiteTitle "IM"]
[WhiteCountry "ITA"]
[WhiteFideId "812153"]
[WhiteEloChange "7"]
[BlackElo "2173"]
[BlackTitle "WIM"]
[BlackCountry "CRO"]
[BlackFideId "14510359"]
[BlackEloChange "-7"]

1. e4 {[%clk 1:30:54]} c5 {[%clk 1:30:56]} 2. Nf3 {[%clk 1:31:18]} Nc6 {[%clk
1:31:20]} 3. Bb5 {[%clk 1:31:28]} g6 {[%clk 1:31:44]} 4. O-O {[%clk 1:31:21]} Bg7
{[%clk 1:31:36]} 5. c3 {[%clk 1:29:59]} Nf6 {[%clk 1:31:25]} 6. Re1 {[%clk
1:30:22]} O-O {[%clk 1:31:19]} 7. h3 {[%clk 1:26:04]} a6 {[%clk 1:28:02]} 8. Ba4
{[%clk 0:54:48]} b5 {[%clk 1:24:13]} 9. Bc2 {[%clk 0:55:15]} e5 {[%clk 1:22:31]}
10. d4 {[%clk 0:44:31]} cxd4 {[%clk 1:18:52]} 11. cxd4 {[%clk 0:44:57]} Nxd4
{[%clk 1:13:48]} 12. Nxd4 {[%clk 0:44:14]} exd4 {[%clk 1:14:12]} 13. e5 {[%clk
0:38:49]} Ne8 {[%clk 1:10:56]} 14. Qxd4 {[%clk 0:39:12]} Bb7 {[%clk 1:08:21]} 15.
Nc3 {[%clk 0:11:41]} d6 {[%clk 0:58:49]} 16. Bf4 {[%clk 0:12:07]} dxe5 {[%clk
0:57:58]} 17. Qxd8 {[%clk 0:12:35]} Rxd8 {[%clk 0:58:19]} 18. Bxe5 {[%clk
0:13:02]} Rd2 {[%clk 0:53:16]} 19. Bb3 {[%clk 0:12:11]} Nf6 {[%clk 0:46:26]} 20.
Rad1 {[%clk 0:08:16]} Rxd1 {[%clk 0:44:55]} 21. Rxd1 {[%clk 0:08:45]} Re8 {[%clk
0:43:37]} 22. f4 {[%clk 0:08:34]} h5 {[%clk 0:40:07]} 23. Rd6 {[%clk 0:07:41]}
Ne4 {[%clk 0:21:35]} 24. Rd7 {[%clk 0:01:55]} Bxe5 {[%clk 0:19:44]} 25. fxe5
{[%clk 0:02:19]} Rb8 {[%clk 0:14:54]} 26. Rxf7 {[%clk 0:02:38]} Kh8 {[%clk
0:14:41]} 27. Rxb7 {[%clk 0:01:57]} Rxb7 {[%clk 0:14:53]} 28. Nxe4 {[%clk
0:02:25]} Kg7 {[%clk 0:14:49]} 29. Kf2 {[%clk 0:02:16]} a5 {[%clk 0:15:15]} 30.
e6 {[%clk 0:01:38]} a4 {[%clk 0:15:09]} 31. Bd5 {[%clk 0:02:04]} Rc7 {[%clk
0:15:16]} 32. Ke3 {[%clk 0:01:32]} Kf8 {[%clk 0:15:40]} 33. b4 {[%clk 0:01:00]}
Rc2 {[%clk 0:14:35]} 34. g3 {[%clk 0:01:18]} a3 {[%clk 0:14:20]} 35. Kd3 {[%clk
0:00:58]} Rb2 {[%clk 0:14:19]} 36. Kc3 {[%clk 0:01:12]} Re2 {[%clk 0:13:44]} 37.
Kd4 {[%clk 0:01:10]} Ke7 {[%clk 0:12:27]} 38. Kc5 {[%clk 0:01:20]} h4 {[%clk
0:12:32]} 39. gxh4 {[%clk 0:01:21]} Re3 {[%clk 0:12:35]} 40. Ng5 {[%clk 0:30:52]}
Re5 {[%clk 0:42:58]} 41. Nf3 {[%clk 0:24:27]} Rh5 {[%clk 0:42:56]} 42. Kc6 {[%clk
0:19:06]} Rf5 {[%clk 0:41:03]} 43. Kc5 {[%clk 0:08:11]} Rh5 {[%clk 0:39:45]} 44.
Nd4 {[%clk 0:08:23]} Rxh4 {[%clk 0:39:53]} 45. Nxb5 {[%clk 0:06:39]} Rxh3 {[%clk
0:39:57]} 46. Nd4 {[%clk 0:05:58]} Rc3+ {[%clk 0:39:09]} 47. Bc4 {[%clk 0:06:26]}
g5 {[%clk 0:38:58]} 48. b5 {[%clk 0:06:50]} Rh3 {[%clk 0:34:57]} 49. b6 {[%clk
0:06:53]} g4 {[%clk 0:35:10]} 50. b7 {[%clk 0:07:12]} 1-0

[Event "European Women's Championship"]
[Site "Vysoke Tatry"]
[Date "2018.04.11"]
[Round "4"]
[White "Hereklioglu, Sude"]
[Black "Injac, Teodora"]
[Result "0-1"]
[Board "55"]
[WhiteElo "2123"]
[WhiteTitle "WFM"]
[WhiteCountry "TUR"]
[WhiteFideId "6359531"]
[WhiteEloChange "-6"]
[BlackElo "2290"]
[BlackTitle "WIM"]
[BlackCountry "SRB"]
[BlackFideId "932400"]
[BlackEloChange "6"]

1. d4 {[%clk 1:30:56]} Nf6 {[%clk 1:30:40]} 2. Nf3 {[%clk 1:30:51]} g6 {[%clk
1:30:43]} 3. Bg5 {[%clk 1:30:24]} Bg7 {[%clk 1:30:59]} 4. Nbd2 {[%clk 1:21:14]}
O-O {[%clk 1:30:14]} 5. e4 {[%clk 1:19:58]} d6 {[%clk 1:30:04]} 6. c3 {[%clk
1:18:57]} h6 {[%clk 1:29:26]} 7. Bxf6 {[%clk 1:18:32]} Bxf6 {[%clk 1:28:04]} 8.
Bc4 {[%clk 1:18:28]} e5 {[%clk 1:25:40]} 9. O-O {[%clk 1:16:49]} Nd7 {[%clk
1:18:19]} 10. Bb3 {[%clk 1:13:11]} Qe7 {[%clk 1:12:36]} 11. Re1 {[%clk 0:58:59]}
Bg7 {[%clk 1:12:58]} 12. Nc4 {[%clk 0:57:47]} Nb6 {[%clk 1:05:18]} 13. Qd3 {[%clk
0:43:41]} Bg4 {[%clk 0:49:17]} 14. Ncd2 {[%clk 0:37:47]} Rad8 {[%clk 0:31:52]}
15. h3 {[%clk 0:35:37]} Bd7 {[%clk 0:31:51]} 16. Nf1 {[%clk 0:33:52]} Qf6 {[%clk
0:29:46]} 17. Rad1 {[%clk 0:29:06]} Rfe8 {[%clk 0:28:57]} 18. N1h2 {[%clk
0:23:32]} a5 {[%clk 0:21:53]} 19. a3 {[%clk 0:18:12]} a4 {[%clk 0:22:10]} 20. Ba2
{[%clk 0:17:34]} Be6 {[%clk 0:15:31]} 21. d5 {[%clk 0:13:48]} Bc8 {[%clk
0:14:42]} 22. Bb1 {[%clk 0:09:43]} Nd7 {[%clk 0:14:38]} 23. Re3 {[%clk 0:08:20]}
Nc5 {[%clk 0:14:45]} 24. Qe2 {[%clk 0:06:54]} c6 {[%clk 0:10:24]} 25. Ba2 {[%clk
0:07:39]} h5 {[%clk 0:09:55]} 26. Ne1 {[%clk 0:07:53]} Qh4 {[%clk 0:08:39]} 27.
Qf3 {[%clk 0:04:24]} Rf8 {[%clk 0:07:33]} 28. Nd3 {[%clk 0:04:37]} Nxd3 {[%clk
0:07:39]} 29. Rdxd3 {[%clk 0:03:50]} c5 {[%clk 0:06:42]} 30. Qd1 {[%clk 0:00:54]}
Bh6 {[%clk 0:07:01]} 31. Re2 {[%clk 0:01:16]} Bd7 {[%clk 0:06:27]} 32. c4 {[%clk
0:01:00]} Rb8 {[%clk 0:05:44]} 33. Rc3 {[%clk 0:00:56]} Kh7 {[%clk 0:04:33]} 34.
Bb1 {[%clk 0:00:45]} Qd8 {[%clk 0:04:35]} 35. Bc2 {[%clk 0:01:06]} Qa5 {[%clk
0:04:57]} 36. g4 {[%clk 0:01:10]} hxg4 {[%clk 0:02:16]} 37. hxg4 {[%clk 0:01:14]}
Bf4 {[%clk 0:02:12]} 38. f3 {[%clk 0:01:01]} Kg7 {[%clk 0:02:26]} 39. Nf1 {[%clk
0:01:16]} Rh8 {[%clk 0:02:23]} 40. Ne3 {[%clk 0:31:01]} Rh3 {[%clk 0:31:53]} 41.
Rg2 {[%clk 0:28:12]} Rbh8 {[%clk 0:25:52]} 42. Kf2 {[%clk 0:27:12]} Qd8 {[%clk
0:20:50]} 43. Nf1 {[%clk 0:22:05]} b5 {[%clk 0:17:19]} 44. cxb5 {[%clk 0:14:09]}
Bxb5 {[%clk 0:16:57]} 45. Bd3 {[%clk 0:14:14]} Qb6 {[%clk 0:13:50]} 46. Bxb5
{[%clk 0:13:47]} Qxb5 {[%clk 0:14:06]} 47. Qe2 {[%clk 0:14:07]} Qb6 {[%clk
0:10:48]} 48. Ke1 {[%clk 0:12:10]} Rh1 {[%clk 0:10:31]} 49. Qc4 {[%clk 0:08:43]}
Qa5 {[%clk 0:10:46]} 50. Kf2 {[%clk 0:06:41]} Rb8 {[%clk 0:10:11]} 51. Qe2 {[%clk
0:05:29]} Qd8 {[%clk 0:09:06]} 52. Ke1 {[%clk 0:04:44]} Qh4+ {[%clk 0:08:34]} 53.
Kd1 {[%clk 0:05:10]} Rxb2 {[%clk 0:05:00]} 54. Qxb2 {[%clk 0:05:32]} Rxf1+ {[%clk
0:05:28]} 55. Kc2 {[%clk 0:05:42]} Qe1 {[%clk 0:04:31]} 56. Kd3 {[%clk 0:04:03]}
Rxf3+ {[%clk 0:04:25]} 57. Kc4 {[%clk 0:04:06]} Rxc3+ {[%clk 0:04:10]} 58. Qxc3
{[%clk 0:04:25]} Qxe4+ {[%clk 0:04:32]} 59. Kb5 {[%clk 0:04:48]} Qxg2 {[%clk
0:04:56]} 60. Qc4 {[%clk 0:05:00]} Qxg4 {[%clk 0:05:02]} 61. Kxa4 {[%clk
0:05:15]} Qd1+ {[%clk 0:05:21]} 62. Kb5 {[%clk 0:05:36]} Qd4 {[%clk 0:04:58]} 63.
Qe2 {[%clk 0:03:33]} Qxd5 {[%clk 0:05:04]} 64. a4 {[%clk 0:03:56]} Qb3+ {[%clk
0:05:26]} 65. Kc6 {[%clk 0:04:01]} Qxa4+ {[%clk 0:05:50]} 66. Kxd6 {[%clk
0:04:16]} Qd4+ {[%clk 0:06:12]} 0-1

[Event "European Women's Championship"]
[Site "Vysoke Tatry"]
[Date "2018.04.11"]
[Round "4"]
[White "Yildiz Kadioglu, Betul Cemre"]
[Black "Cosman, Andreea-Marioara"]
[Result "1-0"]
[Board "56"]
[WhiteElo "2286"]
[WhiteTitle "WGM"]
[WhiteCountry "TUR"]
[WhiteFideId "6302920"]
[WhiteEloChange "6"]
[BlackElo "2141"]
[BlackTitle "WFM"]
[BlackCountry "ROU"]
[BlackFideId "1217968"]
[BlackEloChange "-6"]

1. Nf3 {[%clk 1:30:54]} Nf6 {[%clk 1:30:42]} 2. d4 {[%clk 1:31:18]} g6 {[%clk
1:31:06]} 3. c4 {[%clk 1:31:30]} c5 {[%clk 1:30:38]} 4. Nc3 {[%clk 1:29:50]} cxd4
{[%clk 1:29:29]} 5. Nxd4 {[%clk 1:30:17]} Nc6 {[%clk 1:29:44]} 6. e4 {[%clk
1:30:15]} Nxd4 {[%clk 1:30:03]} 7. Qxd4 {[%clk 1:30:42]} d6 {[%clk 1:30:27]} 8.
Bg5 {[%clk 1:28:56]} Bg7 {[%clk 1:28:30]} 9. Qd2 {[%clk 1:25:27]} O-O {[%clk
1:21:48]} 10. Bd3 {[%clk 1:25:36]} a5 {[%clk 1:15:59]} 11. O-O {[%clk 1:24:27]}
a4 {[%clk 1:15:10]} 12. Rad1 {[%clk 1:23:03]} Be6 {[%clk 1:05:26]} 13. Rfe1
{[%clk 1:12:03]} Ng4 {[%clk 0:57:01]} 14. Nd5 {[%clk 1:09:09]} Bxd5 {[%clk
0:51:39]} 15. exd5 {[%clk 1:09:17]} Ne5 {[%clk 0:50:09]} 16. Bf1 {[%clk 1:09:11]}
Re8 {[%clk 0:46:49]} 17. h3 {[%clk 1:05:01]} Qb6 {[%clk 0:42:43]} 18. Be3 {[%clk
1:02:40]} Qa5 {[%clk 0:42:15]} 19. Qxa5 {[%clk 0:51:00]} Rxa5 {[%clk 0:42:37]}
20. Bb6 {[%clk 0:51:05]} Raa8 {[%clk 0:43:04]} 21. c5 {[%clk 0:51:10]} Rec8
{[%clk 0:41:09]} 22. Bb5 {[%clk 0:45:44]} g5 {[%clk 0:40:36]} 23. cxd6 {[%clk
0:44:41]} exd6 {[%clk 0:40:46]} 24. Rc1 {[%clk 0:44:18]} Ng6 {[%clk 0:33:03]} 25.
Rxc8+ {[%clk 0:32:34]} Rxc8 {[%clk 0:33:25]} 26. Bxa4 {[%clk 0:32:49]} Bxb2
{[%clk 0:33:43]} 27. Bd7 {[%clk 0:27:53]} Rc2 {[%clk 0:27:10]} 28. Ba4 {[%clk
0:15:31]} Rc8 {[%clk 0:17:25]} 29. Rb1 {[%clk 0:14:51]} Rc1+ {[%clk 0:09:08]} 30.
Rxc1 {[%clk 0:15:18]} Bxc1 {[%clk 0:09:32]} 31. g3 {[%clk 0:11:06]} Bb2 {[%clk
0:05:55]} 32. Kf1 {[%clk 0:11:03]} Kg7 {[%clk 0:05:15]} 33. Ke2 {[%clk 0:10:02]}
Kf6 {[%clk 0:03:27]} 34. Bd8+ {[%clk 0:10:20]} Ke5 {[%clk 0:03:46]} 35. Bxg5
{[%clk 0:10:39]} f6 {[%clk 0:04:10]} 36. Bh6 {[%clk 0:09:18]} Ne7 {[%clk
0:01:39]} 37. Bc2 {[%clk 0:06:30]} Nxd5 {[%clk 0:01:32]} 38. Bxh7 {[%clk
0:06:43]} Nb4 {[%clk 0:01:58]} 39. Bf4+ {[%clk 0:05:54]} Kd5 {[%clk 0:00:53]} 40.
h4 {[%clk 0:34:43]} Kc5 {[%clk 0:30:52]} 41. Bf5 {[%clk 0:31:18]} Nd5 {[%clk
0:27:46]} 42. h5 {[%clk 0:16:26]} Ne7 {[%clk 0:27:56]} 43. g4 {[%clk 0:16:39]}
Nd5 {[%clk 0:17:08]} 44. Be3+ {[%clk 0:15:52]} 1-0